Proceedings of the workshop collective phenomena in macroscopic systems, Villa Olmo, Como, Italy, 4-6 December 2006 / (Record no. 10942)

MARC details
000 -LEADER
fixed length control field 01505cam a22003851i 4500
001 - CONTROL NUMBER
control field 15140571
003 - CONTROL NUMBER IDENTIFIER
control field EG-ScBUE
005 - DATE AND TIME OF LATEST TRANSACTION
control field 20250528092611.0
008 - FIXED-LENGTH DATA ELEMENTS--GENERAL INFORMATION
fixed length control field 080114t2007 si a f b 100 0 eng d
020 ## - INTERNATIONAL STANDARD BOOK NUMBER
International Standard Book Number 9789812707055
020 ## - INTERNATIONAL STANDARD BOOK NUMBER
International Standard Book Number 9812707050
035 ## - SYSTEM CONTROL NUMBER
System control number (OCoLC)ocn154672033
040 ## - CATALOGING SOURCE
Original cataloging agency EG-ScBUE
Language of cataloging eng
Description conventions rda
Transcribing agency EG-ScBUE
Modifying agency EG-ScBUE
082 04 - DEWEY DECIMAL CLASSIFICATION NUMBER
Classification number 530.44
Edition number 22
Item number PRO
111 2# - MAIN ENTRY--MEETING NAME
Meeting name or jurisdiction name as entry element Collective Phenomena in Macroscopic Systems
Date of meeting (2006 :
Location of meeting Como, Italy)
245 00 - TITLE STATEMENT
Title Proceedings of the workshop collective phenomena in macroscopic systems, Villa Olmo, Como, Italy, 4-6 December 2006 /
Statement of responsibility, etc editors, G. Bertin [and three others]
246 30 - VARYING FORM OF TITLE
Title proper/short title Collective phenomena in macroscopic systems
264 #1 - PUBLICATION, DISTRIBUTION, ETC. (IMPRINT)
Place of publication, distribution, etc Singapore :
Name of publisher, distributor, etc World Scientific,
Date of publication, distribution, etc [2007]
264 #4 - PUBLICATION, DISTRIBUTION, ETC. (IMPRINT)
Date of publication, distribution, etc c2007
300 ## - PHYSICAL DESCRIPTION
Extent xi, 303 pages :
Other physical details illustrations ;
Dimensions 24 cm
336 ## - CONTENT TYPE
Source rdacontent
Content type term text
Content type code txt
337 ## - MEDIA TYPE
Media type term unmediated
Source rdamedia
Media type code n
338 ## - CARRIER TYPE
Carrier type term volume
Carrier type code nc
Source rdacarrier
500 ## - GENERAL NOTE
General note At head of t.p. : Abdus Salam International Centre for Theoretical Physics.
504 ## - BIBLIOGRAPHY, ETC. NOTE
Bibliography, etc Includes bibliographical references.
650 #7 - SUBJECT ADDED ENTRY--TOPICAL TERM
Topical term or geographic name as entry element Plasma (Ionized gases)
General subdivision Mathematics.
Source of heading or term BUEsh
650 #7 - SUBJECT ADDED ENTRY--TOPICAL TERM
Topical term or geographic name as entry element Astrophysics
General subdivision Mathematics.
Source of heading or term BUEsh
655 ## - INDEX TERM--GENRE/FORM
Form subdivision Reading book
700 1# - ADDED ENTRY--PERSONAL NAME
Personal name Bertin, G.
Fuller form of name (Giuseppe),
Relator term editor.
700 1# - ADDED ENTRY--PERSONAL NAME
Personal name Pozzoli, R.,
9 (RLIN) 2178
Relator term editor.
700 1# - ADDED ENTRY--PERSONAL NAME
Personal name Rome, M.,
9 (RLIN) 2179
Relator term editor.
700 1# - ADDED ENTRY--PERSONAL NAME
Personal name Sreenivasan, K. R.,
9 (RLIN) 2180
Relator term editor.
710 2# - ADDED ENTRY--CORPORATE NAME
Corporate name or jurisdiction name as entry element Abdus Salam International Centre for Theoretical Physics,
Relator term organizer.
942 ## - ADDED ENTRY ELEMENTS (KOHA)
Source of classification or shelving scheme Dewey Decimal Classification
Koha item type Book - Borrowing
Holdings
Withdrawn status Lost status Source of classification or shelving scheme Damaged status Not for loan Collection code Home library Current library Shelving location Date acquired Source of acquisition Cost, normal purchase price Serial Enumeration / chronology Total Checkouts Full call number Barcode Date last seen Price effective from Koha item type
    Dewey Decimal Classification     Baccah Central Library Central Library First floor 24/02/2009   540.00 7117   530.44 PRO 000014961 15/07/2025 24/02/2009 Book - Borrowing